Combining various policy measures in the long-run macroeconomic growth model of Slovakia framework: case of the unemployment benefit

Horizont makroekonomického modelu rastu Slovenska, ktorý môže byť všeobecne používaný pre dlhodobé projekcie vybraných premenných budúceho vývoja nezamestnanosti v prípade slovenskej ekonomiky.

Salvato in:
Dettagli Bibliografici
Autore principale: Domonkos, Tomáš
Altri autori: Jánošová, Miroslava, Ostrihoň, Filip
Natura: Capitolo di libro
Lingua:inglese
Soggetti:
Tags: Aggiungi Tag
Nessun Tag, puoi essere il primo ad aggiungerne!!

MARC

LEADER 00000naa$a2200000$$$4500
001 0216419
005 20240502073615.5
041 0 |a eng 
044 |a SK 
245 1 0 |a Combining various policy measures in the long-run macroeconomic growth model of Slovakia framework: case of the unemployment benefit  |c Tomáš Domonkos, Miroslava Jánošová, Filip Ostrihoň 
520 |a Horizont makroekonomického modelu rastu Slovenska, ktorý môže byť všeobecne používaný pre dlhodobé projekcie vybraných premenných budúceho vývoja nezamestnanosti v prípade slovenskej ekonomiky. 
610 2 0 |a Slovensko 
610 2 0 |a modely makroekonomické 
610 2 0 |a teória modelov ekonomicko-matematických 
610 2 0 |a modelovanie 
610 2 0 |a modely rastu 
610 2 0 |a nezamestnanosť 
100 1 |a Domonkos, Tomáš 
700 1 |a Jánošová, Miroslava 
700 1 |a Ostrihoň, Filip